State and local government. (Record no. 212722)
[ view plain ]
| 000 -LEADER | |
|---|---|
| fixed length control field | 00403nam a2200145Ia 4500 |
| 008 - FIXED-LENGTH DATA ELEMENTS--GENERAL INFORMATION | |
| fixed length control field | 210719s1965 xx 000 0 und d |
| 041 ## - LANGUAGE CODE | |
| Language code of text/sound track or separate title | eng |
| 082 ## - DEWEY DECIMAL CLASSIFICATION NUMBER | |
| Classification number | 320.473 MADS |
| 100 ## - MAIN ENTRY--PERSONAL NAME | |
| Personal name | MADDOX (Russell W) and FUQUAY (Robert F) |
| 245 ## - TITLE STATEMENT | |
| Title | State and local government. |
| 260 ## - PUBLICATION, DISTRIBUTION, ETC. | |
| Place of publication, distribution, etc. | Toronto |
| Name of publisher, distributor, etc. | D Van Nostrand company, Inc. |
| Date of publication, distribution, etc. | 1965 |
| 300 ## - PHYSICAL DESCRIPTION | |
| Extent | x,712 |
| Other physical details | HB |
| 365 ## - TRADE PRICE | |
| Price amount | 10 |
| Currency code | Rs |
| 650 ## - SUBJECT ADDED ENTRY--TOPICAL TERM | |
| Topical term or geographic name entry element | Political Thought |
| Withdrawn status | Lost status | Source of classification or shelving scheme | Damaged status | Not for loan | Collection code | Home library | Current library | Shelving location | Date acquired | Cost, normal purchase price | Total Checkouts | Full call number | Barcode | Date last seen | Price effective from | Koha item type |
|---|---|---|---|---|---|---|---|---|---|---|---|---|---|---|---|---|
| Dewey Decimal Classification | Political Science | St Aloysius Library | St Aloysius Library | Secondary stack section | 05/09/1996 | 10.00 | 320.473 MADS | D00822 | 07/19/2021 | 07/19/2021 | Donated Books |